| 000 | 00472nam a2200169Ia 4500 | ||
|---|---|---|---|
| 003 | GCL | ||
| 008 | 140319s9999 xx 000 0 eng d | ||
| 040 |
_aGCL / _cGCL |
||
| 082 | 0 | 4 |
_a796.01 _bW C |
| 100 | 1 | _aWHITMORE, JOHN | |
| 245 | 1 | 0 |
_aCOACHING FOR PERFORMAN: A PRACTICAL GUIDE TO GROWING FOR OWN SKILLS / _cWHITMORE, JOHN |
| 260 |
_a[S.N] : _bNICHOLAS BREALEY PUBLISHING ، _c1994 |
||
| 300 | _a118 P | ||
| 650 | 0 | 4 | _aCOACHING |
| 650 | 0 | 4 | _aSPORTS |
| 942 |
_2ddc _cBK |
||
| 999 |
_c24665 _d24665 |
||